| 000 | 00591nam a22002297a 4500 | ||
|---|---|---|---|
| 999 |
_c10270 _d10270 |
||
| 001 | 10270 | ||
| 003 | BD-JhCC | ||
| 005 | 20180422185445.0 | ||
| 008 | 180422b xxu||||| |||| 00| 0 eng d | ||
| 035 | _a(BD-JhCC)10270 | ||
| 040 |
_aBD-JhCC _dBD-JhCC |
||
| 041 | _aeng | ||
| 082 |
_a709.549207 _bISL |
||
| 100 | _aIslam, Syed Manzoorul | ||
| 245 |
_aContemporary Art of Bangladesh / _cSyed Manzoorul Islam |
||
| 260 |
_aDhaka : _bThe High Commission Of India, |
||
| 300 |
_a80 p. : _bills; _c22 cm. |
||
| 650 | _aArts | ||
| 651 | _aBangeladesh | ||
| 942 |
_2ddc _cREF |
||